Score 0/16 Timer 04:00
2 Plays Today
% Correct
John F. Kennedy
95.5%
John Wilkes Booth
95.1%
John Adams
93%
John Wayne
92.6%
John D. Rockefeller
92%
John Kerry
90.8%
John Quincy Adams
89.9%
John Hancock
87.5%
% Correct
John Glenn
87.2%
John Philip Sousa
83.7%
John Nash
80.4%
John Brown
75.1%
John Tyler
73.4%
John Marshall
63.2%
John Jay
57.4%
John Roberts
55.2%
Remove Ads.
Support Sporcle.
Get the best of Sporcle when you Go Orange. This ad-free experience offers more features, more stats, and more fun while also helping to support Sporcle. Thank you for becoming a member.

You're not logged in!

Compare scores with friends on all Sporcle quizzes.
OR
Log In

Show Comments

Extras

Top Quizzes Today


Score Distribution

Your Account Isn't Verified!

In order to create a playlist on Sporcle, you need to verify the email address you used during registration. Go to your Sporcle Settings to finish the process.

Report this User

Report this user for behavior that violates our Community Guidelines.

Details: